000 00497nam a2200169Ia 4500
008 090201s9999 xx 000 0 und d
010 _aKPL-14343
040 _bमराठी
041 _aमराठी
082 _a3849
_b14343
100 _aना. र. शेंडे
245 _aविलासिनी
_cना. र. शेंडे
260 _c1974
_bविजय प्रकाशन
300 _a304
_bमोठा
600 _aविलासिनी
942 _cBOOK
999 _c204967
_d204967